Otec seče trávu /

Hlavní autor: Urbánková, Dagmar, 1972-
Jazyk: Čeština
Vydáno: V Praze : Dauphin, 2013
Témata:
Fyzický popis: 46 s. ; 20 cm
Knihy
Uloženo v:
LEADER 00948cam a2200313 a 4500
001 nkc20132461845
003 CZ PrNK
005 20130807115839.0
007 ta
008 130405s2013 xr g 000 p cze d
015 |a cnb002461845 
020 |a 978-80-7272-424-6  |q (brož.) 
035 |a (OCoLC)857952058 
040 |a ULG001  |b cze  |d ABA001 
072 7 |a 821.162.3-1  |x Česká poezie  |2 Konspekt  |9 25 
080 |a 821.162.3-1  |2 MRF 
080 |a (0:82-1)  |2 MRF 
100 1 |a Urbánková, Dagmar,  |d 1972-  |7 xx0025773  |4 aut 
245 1 0 |a Otec seče trávu /  |c Dagmar Urbánková 
260 |a V Praze :  |b Dauphin,  |c 2013 
300 |a 46 s. ;  |c 20 cm 
500 |a 600 výt. 
655 7 |a česká poezie  |7 fd133958  |2 czenas 
655 9 |a Czech poetry  |2 eczenas 
910 2 |a BOA001  |b 2-1309.313 
990 |a BK 
995 |a 01 
991 |b 201308  |e b 
996 6 |b 2610558468  |c 2-1309.313  |l MZK  |r Sklad / do 1 hodiny  |n 3  |p p.v.  |w 001348744  |u 000010  |a 1  |e BOA001  |j MZK50  |s P